Jean, Louis ou Jean-Louis - Clic Quiz - Statistiques

Statistiques générales
  • Ce quiz a été pris 211 fois
  • Le résultat moyen est 16 sur 20
Statistiques - réponses
Hint Réponse % Correct
De La Fontaine Jean
98%
Jaurès Jean
98%
Valjean Jean
96%
Dujardin Jean
96%
Vuitton Louis
96%
De Funès Louis
96%
Lassalle Jean
95%
Armstrong Louis
95%
XIV Louis
94%
Pasteur Louis
90%
Aubert Jean-Louis
87%
Trintignant Jean-Louis
79%
Aragon Louis
77%
Bertignac Louis
72%
Yanne Jean
68%
Todt Jean
64%
Étienne Jean-Louis
63%
Jouvet Louis
54%
Galfione Jean
53%
Murat Jean-Louis
50%
Aucun quiz correspondant
Distribution des résultats
% des personnes avec chaque résultat
Percentile par nombre de réponses
Votre historique - résultats
Vous n’avez pas pris ce quiz